00825cam a22002177a 450000100060000000300050000600500170001100800410002804000320006904100240010110000420012524501670016726000340033430000310036850000780039954600550047765000180053265500130055070000320056385200120059585839ItRI20260429103912.0260429s1988 it |||||| ||||| |mul|c bitaaM-RABAcM-RABAdM-RABA 7aitaamul2ISO-639-21 aDe Caro, Stefano0IT\ICCU\CFIV\02917310aBoscoreale e le sue testimonianze archeologiche b/ villa rustica in località V. Regina. MCMLXXXVIIIc[testi elaborati da Stefano De Caro e Angelandrea Casale]. aBoscoreale b: [s.n.]c, 1988 a16 p. :bil. ;c21 x 21 cm aEn cub.: Comune di Boscoreale, Assessorato ai beni culturali e ambientali aTexto en italiano, alemán, francés e inglés. 7aArqueología 4aFolletos1 aCasale, Angelandrea,d1953- jF-16111